Luca Pacioli a jeho odkaz súčasnej generácií účtovníkov diplomová práca

Gespeichert in:
Bibliographische Detailangaben
1. Verfasser: Cvečková, Katarína
Körperschaft: Fakulta hospodárskej informatiky EU. Katedra účtovníctva a audítorstva
Weitere Verfasser: Feketeová, Renáta, 1974-
Format: Buch
Sprache:Slowakisch
Veröffentlicht: Bratislava 2010
Tags: Tag hinzufügen
Keine Tags, Fügen Sie das erste Tag hinzu!

MARC

LEADER 00000nam$a2200000$$$4500
001 0118717
005 20240318122530.1
041 0 |a slo 
044 |a SK 
245 1 0 |a Luca Pacioli a jeho odkaz súčasnej generácií účtovníkov  |b diplomová práca  |c Katarína Cvečková ; škol. Renáta Feketeová 
264 1 |a Bratislava  |c 2010 
300 |a 65 s. 
100 1 |a Cvečková, Katarína 
700 1 |a Feketeová, Renáta, 1974- 
710 2 |a Fakulta hospodárskej informatiky EU. Katedra účtovníctva a audítorstva